Unscramble the animals - Statistics

General Stats
  • This quiz has been taken 114 times
  • The average score is 27 of 36
Answer Stats
Hint Answer % Correct
CUDK Duck
100%
CWO Cow
96%
OGD Dog
96%
IGP Pig
95%
LUBL Bull
94%
TAGO Goat
94%
AWNS Swan
94%
INLO Lion
91%
YKNDEO Donkey
87%
NSIOB Bison
86%
AAGRUJ Jaguar
86%
CTA Cat
83%
EROHS Horse
82%
MONYKE Monkey
81%
SLPUTAYP Platypus
81%
RITBBA Rabbit
81%
SFIH Fish
80%
EPESH Sheep
80%
SGEOO Goose
79%
OTSRCIH Ostrich
79%
MOSEO Moose
76%
AENSK Snake
76%
LEEAG Eagle
74%
RSHKA Shark
74%
KNCCIHE Chicken
73%
STOCUPO Octopus
72%
TEIGER Tiger
66%
RTELUT Turtle
66%
ECEATHH Cheetah
62%
EHTNAPR Panther
61%
KROAGAON Kangaroo
59%
RARTPO Parrot
59%
SNOCIERHOR Rhinoceros
57%
LRGOLAI Gorilla
52%
AHTNEPEL Elephant
38%
OERITT Otter
28%
No matching quizzes found
Score Distribution
Percent of People with Each Score
Percentile by Number Answered
Your Score History
You have not taken this quiz